000 00570nam a22002057a 4500
003 OSt
005 20260305124045.0
008 260305b |||||||| |||| 00| 0 eng d
020 _a9789355625663
040 _bEnglish
_cCentral Library IIT Goa
082 _a891.43301
_bVER
100 _aVerma, K. P. S.
_93685
245 _aZindagi Ki Geometry /
_c K. P. S. Verma
260 _aNew Delhi :
_bPrabhat Prakashan Pvt. Ltd. ,
_c2025
300 _a200p.
650 _aHindi Literature
_92523
650 _aHindi Fiction
650 _aShort Stories
_93686
942 _2ddc
_cBK
999 _c1876
_d1876